NBA 10+ Rebounds per Game in the 2020s - Statistics

General Stats
  • This quiz has been taken 155 times
  • The average score is 40 of 56
Answer Stats
Hint Answer % Correct
10.8 Nikola Jokić
96%
13.8 Nikola Jokić
96%
11.8 Nikola Jokić
96%
12.4 Nikola Jokić
96%
12.7 Nikola Jokić
96%
11.0 Giannis Antetokounmpo
85%
11.6 Giannis Antetokounmpo
85%
11.8 Giannis Antetokounmpo
85%
11.5 Giannis Antetokounmpo
85%
11.9 Giannis Antetokounmpo
85%
12.0 Domantas Sabonis
84%
12.1 Domantas Sabonis
84%
2022/23 12.3 Domantas Sabonis
84%
2023/24 13.7 Domantas Sabonis
84%
2024/25 13.9 Domantas Sabonis
84%
12.8 Karl-Anthony Towns
84%
13.5 Rudy Gobert
84%
2021/22 14.7 Rudy Gobert
84%
11.6 Rudy Gobert
84%
12.9 Rudy Gobert
84%
10.9 Rudy Gobert
84%
10.6 Joel Embiid
79%
11.7 Joel Embiid
79%
10.2 Joel Embiid
79%
12.6 Anthony Davis
76%
10.0 Jarrett Allen
73%
10.5 Jarrett Allen
73%
11.6 Jalen Duren
71%
10.3 Jalen Duren
71%
10.4 Bam Adebayo
70%
10.5 Deandre Ayton
70%
10.2 Deandre Ayton
70%
10.0 Deandre Ayton
70%
2020/21 14.3 Clint Capela
68%
11.9 Clint Capela
68%
11.0 Clint Capela
68%
10.6 Clint Capela
68%
12.6 Ivica Zubac
68%
11.7 Nikola Vučević
68%
11.0 Nikola Vučević
68%
11.0 Nikola Vučević
68%
10.5 Nikola Vučević
68%
10.1 Nikola Vučević
68%
11.5 Russell Westbrook
62%
10.3 Alperen Şengün
61%
12.5 Jonas Valančiūnas
58%
11.4 Jonas Valančiūnas
58%
10.2 Jonas Valančiūnas
58%
12.2 Walker Kessler
51%
10.2 Julius Randle
50%
10.0 Julius Randle
50%
10.0 Steven Adams
48%
10.5 Wendell Carter Jr.
41%
11.0 Jusuf Nurkić
40%
10.1 Christian Wood
9%
11.0 Enes Freedom
6%
No matching quizzes found
Score Distribution
Percent of People with Each Score
Percentile by Number Answered
Your Score History
You have not taken this quiz